Tres libros sobre la vida

Đã lưu trong:
Chi tiết về thư mục
Những tác giả chính: Ficino, Marsilio (Tác giả), Cornaro, Luigi (Tác giả)
Định dạng: Sách
Ngôn ngữ:Tiếng Tây Ban Nha
Được phát hành: Madrid Asociación Española de Neuropsiquiatría 2006
Phiên bản:1a. ed
Loạt:Historia, 20
Những chủ đề:
Các nhãn: Thêm thẻ
Không có thẻ, Là người đầu tiên thẻ bản ghi này!

MARC

LEADER 00000cam a2200000 a 4500
001 UCC3209
003 CL-VaPUC
008 180422e20060000sp |||||||||||||||||spa|d
020 |a 8495287285 
082 0 4 |a 610.696  |b FIC  |2 21 
100 0 |a Ficino, Marsilio  |e author  |9 432171 
700 0 |a Cornaro, Luigi  |e author  |9 597240 
245 1 0 |a Tres libros sobre la vida 
246 1 0 |a De la vida sobria 
250 |a 1a. ed 
300 |a 211 p 
942 |c BK 
945 |d 20180422 17:11:00  |a arojas 
260 |a Madrid  |b Asociación Española de Neuropsiquiatría  |c 2006 
650 7 |a MEDICINA MEDIEVAL  |2 CL-VaPUC  |9 421425 
650 7 |a CIENCIA E HISTORIA  |2 CL-VaPUC  |9 546404 
650 0 |a Misticismo  |9 265505 
583 |a last modification  |c 20180422 17:11:00  |k Rodrigo Vera 
490 0 |a Historia, 20 
999 |c 371014  |d 371012 
952 |0 0  |1 0  |3 erb  |4 0  |6 610_696000000000000_FIC_2006  |7 0  |8 A  |9 487852  |a BIBEDU  |b BIBEDU  |i 546580K  |o 610.696 FIC 2006  |p 546580K  |r 2019-11-24  |w 2019-11-24  |y BK  |z Catalogado en:20180422  |k FIL 
952 |0 0  |1 0  |3 erb  |4 0  |6 610_696000000000000_FIC_2006  |7 0  |8 A  |9 487853  |a BIBHIS  |b BIBHIS  |i 5474728  |o 610.696 FIC 2006  |p 5474728  |r 2025-01-20  |w 2019-11-24  |y BK  |z Catalogado en:20180615  |k HIS